Scales of professional charges (Record no. 105641)

MARC details
000 -LEADER
fixed length control field 00566cam a2200181 4500
001 - CONTROL NUMBER
control field ##L134294
008 - FIXED-LENGTH DATA ELEMENTS--GENERAL INFORMATION
fixed length control field 060724n 000 0 eng u
035 ## - SYSTEM CONTROL NUMBER
System control number (Sirsi) u134294
041 0# - LANGUAGE CODE
Language code of text/sound track or separate title eng
050 04 - LIBRARY OF CONGRESS CALL NUMBER
Classification number 331.2166 $2 18
110 2# - MAIN ENTRY--CORPORATE NAME
Corporate name or jurisdiction name as entry element Valuers Institution
245 00 - TITLE STATEMENT
Title Scales of professional charges
Remainder of title incorporating revisions effective from 1st January 1963
260 ## - PUBLICATION, DISTRIBUTION, ETC.
Place of publication, distribution, etc. [S.l.]
Name of publisher, distributor, etc. [s.n.]
Date of publication, distribution, etc. 1963 (London
Name of publisher, distributor, etc. E T Heron and Co)
300 ## - PHYSICAL DESCRIPTION
Extent 36p.
Dimensions 12cm.
520 ## - SUMMARY, ETC.
Summary, etc. Contains scales one to 35 inclusive.
690 ## - LOCAL SUBJECT ADDED ENTRY--TOPICAL TERM (OCLC, RLIN)
Topical term or geographic name as entry element MANAGEMENT-BUSINESS MANAGEMENT-FEES
942 ## - ADDED ENTRY ELEMENTS (KOHA)
Suppress in OPAC 0

No items available.